Про судову практику у справах про злочини та інші правопорушення проти довкілля. Постанова Пленуму Верховного Суду України від 10 грудня 2004 р. №17 (Запис № 297825)

МАРК-запис
000 -Лідер
fixed length control field 00617nam a22001697a 4500
003 - Ідентифікатор контрольного номера
control field UA-OsUOA
001 - Контрольний номер
control field 11664
007 - Фіксоване поле фізичного опису
fixed length control field ta
008 - Елементи даних фіксованої довжини – загальна інформація
fixed length control field 19961026b un ||||| |||| 00| 0 ukr d
040 ## - Джерело каталогізації
Агенція оригінальної каталогізації UA-OsUOA
Агенція, яка здійснювала перезапис UA-OsUOA
Агенція, яка здійснювала модифікацію UA-OsUOA
245 ## - Відомості про назву
Назва (НП) Про судову практику у справах про злочини та інші правопорушення проти довкілля. Постанова Пленуму Верховного Суду України від 10 грудня 2004 р. №17
300 ## - Фізичний опис
Обсяг С.9
650 #7 - Додаткове предметне введення – тематичний термін
Тематичний термін чи географічна назва, як елемент введення (НП) Екологічне право
Джерело заголовка чи терміна UDC
773 0# - Введення хост-одиниці (П)
Контрольний номер запису (П) 0
942 ## - Додаткові елементи входу (Коха)
Тип елемента Koha Стаття періодики
955 ## - Код типу видання за змістом
Код типу видання за змістом (НП) інше

Немає доступних примірників.